| 000 | 00952nam a22002177a 4500 | ||
|---|---|---|---|
| 003 | OSt | ||
| 005 | 20250827112522.0 | ||
| 008 | 240308b ||||| |||| 00| 0 eng d | ||
| 040 | _c0 | ||
| 082 | _aDPer 621.317 Ie21 July 2022 v.37 n. 7 | ||
| 100 |
_aLin, Xiang. _eauthor. _954220 |
||
| 245 |
_aHybrid voltage balancing approach for series-connected SiC MOSFETs for DC—AC medium voltage power conversion applications / _cXiang Lin, Lakshmi Ravi, Rolando Burgos, and Dong Dong |
||
| 260 |
_aNew York ; _bThe Institute of Electrical and Electronics Engineers, Inc. , _cJuly 2022. |
||
| 300 |
_avolume 37, pages 8104-8117 : _billustration ; _c28 cm. |
||
| 500 | _a IEEE Transactions on Power Electronics, vol. 37, no. 7, pages 8104-8117 , July 2022. | ||
| 700 |
_aLin, Xiang. _eauthor. _954220 |
||
| 700 |
_aRavi, Lakshmi. _eauthor. _954221 |
||
| 700 |
_aBurgos, Rolando. _eauthor. _954222 |
||
| 700 |
_aDong, Dong. _eauthor. _954223 |
||
| 942 |
_2ddc _cPER |
||
| 999 |
_c19571 _d19571 |
||